000 00533nam a22001817a 4500
003 MPLRDC
005 20220105061148.0
008 210129b ||||| |||| 00| 0 eng d
020 _a978-986-344-082-6
082 _a801.6 HAY
100 _aS.I.早川 S.I. HAYAKAWA、艾伦.R.早川 ALAN R. HAYAKAWA
245 _a语言与人生
_c林佩熹 译
250 _a初版
260 _a台湾
_b麦田出版, 城邦文化事业股份有限公司
_c2014
300 _b
650 _a语义学;术语学
942 _cNB
_o801.6 HAY
999 _c69750
_d69740